| 000 | 02181nam a2200409 c 4500 | ||
|---|---|---|---|
| 003 | BLK | ||
| 005 | 20250215140544.0 | ||
| 008 | 180408b bul|||||r ||||||| ||bul|| | ||
| 010 | _aKNG00098822000 | ||
| 020 |
_a978-954-26-0841-7 _bиздат.: Хермес - на том(кн. 1) |
||
| 040 | _aBLK | ||
| 041 |
_aBUL _cBUL |
||
| 072 | 7 |
_2bullib _aН85 _xДетска художествена литература Н |
|
| 080 |
_aЛитература на отделни езици и езикови семейства _b821 _x-93-91 _z821-93-91 |
||
| 080 |
_aЛитература на отделни езици и езикови семейства _b821 _x.09(075) _z821.09(075) |
||
| 100 | 1 |
_aЯнев, Владимир Атанасов _eпърви автор _9363589 |
|
| 139 |
_aЯнев, Владимир Атанасов _bЯ 54 |
||
| 245 | 1 | 0 |
_aСветовната литература, разказана за деца и юноши _bКн. 1 - 2 _cВладимир Атанасов Янев. _nКн. 1 _pЕгипетска, асиро-вавилонска, индийска, китайска, гръцка, римска |
| 250 | _a2. прераб. изд. | ||
| 257 | _aBGR | ||
| 260 |
_аПловдив _c2010 _fХасково : Полиграфюг |
||
| 300 | _c24 см | ||
| 380 | _aX | ||
| 500 | _aБез сведение за 1. изд. ; 1. изд. 2006 на изд. Слово. - Съдържа и за авт. | ||
| 650 | 4 |
_aЛитература - учебни помагала _9243225 |
|
| 653 | _aсветовна литература | ||
| 653 | _aучебни помагала | ||
| 653 | _aадаптирани книги | ||
| 659 | _aН | ||
| 760 | 1 |
_3- на том(кн. 1) _aЯнев, Владимир Атанасов _b2. прераб. изд. _dХермес, 2010 _h232 с. _nСъдържа за авт. _tКн. 1 Египетска, асиро-вавилонска, индийска, китайска, гръцка, римска |
|
| 852 | _aЦб 250410 | ||
| 856 | 4 |
_qpdf _u |
|
| 856 | 4 |
_qpdf _u |
|
| 942 |
_cKNG _n0 _03 |
||
| 944 |
_aCR _c16.12.2010 _lСевдалина Тодорова _k30540 |
||
| 944 |
_aED _c14.12.2012 _lф / _k |
||
| 999 |
_c94004 _d94004 |
||